000 00354nam a2200157Ia 4500
003 0STCL
008 150530s9999 xx 000 0 und d
040 _aSTCL
_cSTCL
100 _aButler, J.N.; Bobrow, D.G.
245 _aCalculus of chemistry
260 _c1965
546 _aEnglish
942 _2ddc
_cBK
999 _c32133
_d32133
005 20220125170236.0